000 01020nam a2200241 4500
005 20240530110948.0
008 221205s2021 ua f b 000 0 ara d
017 _a2020/21157
_bمصر. دار الكتب
020 _a9789773224318
040 _aEG-CaGPL
_cEG-CaGPL
082 0 4 _221
_a398.45
_bق/ع أ
100 0 _aعز سعد محمد سلطان
245 1 2 _aالالهة والانسان فى حضارة بلاد النهرين والتشابه المصرى /
_cتاليف عز سعد محمد سلطان
250 _aط.1
260 _aالقاهرة :
_bعين للدراسات و البحوث الانسانية و الاجتماعية،
_c2021.
300 _a135 ص. ؛
_c24 سم.
504 _aيشتمل على ارجاعات ببليوجرافية
650 0 7 _2qrmak
_aالاساطير التاريخية
650 0 7 _2qrmak
_aحضارة العراق القديمة
651 0 7 _2qrmak
_aالعراق القديم
_xتاريخ
942 _2ddc
_cBK
999 _c66936
_d66936